Chemistry, biological, and pharmacological properties of African medicinal plants : (Record no. 112367)

MARC details
000 -LEADER
fixed length control field 01230nam a2200277 a 4500
008 - FIXED-LENGTH DATA ELEMENTS--GENERAL INFORMATION
fixed length control field
020 ## - INTERNATIONAL STANDARD BOOK NUMBER
International Standard Book Number 0908307594 (pbk.)
049 ## - LOCAL HOLDINGS (OCLC)
Holding library MAIN
090 ## - LOCALLY ASSIGNED LC-TYPE CALL NUMBER (OCLC); LOCAL CALL NUMBER (RLIN)
Classification number (OCLC) (R) ; Classification number, CALL (RLIN) (NR) RS1645.I575
Local cutter number (OCLC) ; Book number/undivided call number, CALL (RLIN) CHE
003 - CONTROL NUMBER IDENTIFIER
control field
005 - DATE AND TIME OF LATEST TRANSACTION
control field 20230120203833.0
040 ## - CATALOGING SOURCE
Transcribing agency NUST
111 2# - MAIN ENTRY--MEETING NAME
Meeting name or jurisdiction name as entry element International IOCD--Symposium
Number of part/section/meeting (1st :
Date of meeting or treaty signing 1996 February 25-28 :
Location of meeting Victoria Falls, Zimbabwe)
245 10 - TITLE STATEMENT
Title Chemistry, biological, and pharmacological properties of African medicinal plants :
Remainder of title proceedings of the First International IOCD-Symposium : Victoria Falls, Zimbabwe, February 25-28, 1996 /
Statement of responsibility, etc. edited by K. Hostettmann ... [et al.]
260 ## - PUBLICATION, DISTRIBUTION, ETC.
Place of publication, distribution, etc. Harare :
Name of publisher, distributor, etc. University of Zimbabwe Publications ,
Date of publication, distribution, etc. 1996.
300 ## - PHYSICAL DESCRIPTION
Extent 336 p. :
Other physical details ill. ;
Dimensions 24 cm.
504 ## - BIBLIOGRAPHY, ETC. NOTE
Bibliography, etc. note Includes bibliographical references.
500 ## - GENERAL NOTE
General note Includes index.
650 #0 - SUBJECT ADDED ENTRY--TOPICAL TERM
Topical term or geographic name entry element Medicinal plants
Geographic subdivision Africa, Sub-Saharan
General subdivision Composition
-- Congresses.
650 #0 - SUBJECT ADDED ENTRY--TOPICAL TERM
Topical term or geographic name entry element Biomolecules
General subdivision Therapeutic use
-- Congresses.
650 #2 - SUBJECT ADDED ENTRY--TOPICAL TERM
Topical term or geographic name entry element Plant Physiology
General subdivision congresses.
700 1# - ADDED ENTRY--PERSONAL NAME
Personal name Hostettmann, K.
710 2# - ADDED ENTRY--CORPORATE NAME
Corporate name or jurisdiction name as entry element International Organization for Chemical Sciences in Development.
Subordinate unit Working Group on Plant Chemistry.
907 ## - LOCAL DATA ELEMENT G, LDG (RLIN)
a .b10144638
b 17-07-12
c 21-12-04
942 ## - ADDED ENTRY ELEMENTS (KOHA)
Koha item type Ordinary Loan Books
Call number prefix RS1645.I575
Call number suffix CHE
Holdings
Date last seen Total Checkouts Full call number Barcode Cost, replacement price Price effective from Koha item type Lost status Source of classification or shelving scheme Damaged status Not for loan Collection Withdrawn status Home library Current library Shelving location Date acquired Cost, normal purchase price
01/20/2023 2 RS1645.I575 CHE 92003022481 80.00 01/20/2023 BOOKS   LCC     NFIC   Medical Medical GEN 01/20/2023 80.00